Normal view
MARC view
- ELECTRONIC CIRCUITS DIODES SEMICONDUCTOR TRANSISTOR
Entry Topical Term
001 - CONTROL NUMBER
- control field: 78243
003 - CONTROL NUMBER IDENTIFIER
- control field: NUST
005 - DATE AND TIME OF LATEST TRANSACTION
- control field: 20210628210132.0
008 - FIXED-LENGTH DATA ELEMENTS
- fixed length control field: 210628|| aca||aabn | a|a d
040 ## - CATALOGING SOURCE
- Original cataloging agency: NUST
- Transcribing agency: NUST
150 ## - HEADING--TOPICAL TERM
- Topical term or geographic name entry element: ELECTRONIC CIRCUITS DIODES SEMICONDUCTOR TRANSISTOR
670 ## - SOURCE DATA FOUND
- Source citation: Work cat.: (NUST): ROBERTSON, BOB E,HESS, EDWARD M 78242, ESSENTIAL OF SEMICONDUCTOR CIRCUITS, 1976
